|
|
|
|
| LEADER |
01063nam a22002291i 4500 |
| 003 |
GR-PaULI |
| 005 |
20210117210522.0 |
| 008 |
171205s2016 gr a|||g |||| 00| d gre d |
| 020 |
|
|
|a 9789603225058
|
| 040 |
|
|
|a GR-PaULI
|b gre
|c GR-PaULI
|e AACR2
|
| 082 |
0 |
4 |
|2 23
|a 889.28
|
| 100 |
1 |
|
|9 165905
|a Χαλιακόπουλος, Γρηγόρης,
|d 1958-
|e συγγραφέας
|
| 245 |
1 |
0 |
|a Ελευθέριος Βενιζέλος /
|c του Γρηγόρη Χαλιακόπουλου.
|
| 260 |
|
|
|a Αθήνα :
|b Αιγόκερως,
|c 2016.
|
| 300 |
|
|
|a 69 σ. :
|b εικ. ;
|c 21 εκ.
|
| 490 |
1 |
|
|a Θέατρο - Παραστάσεις / Αιγόκερως
|
| 650 |
|
4 |
|9 157671
|a Ελληνικά θεατρικά έργα, Ιστορικά
|
| 830 |
|
0 |
|9 158095
|a Θέατρο - Παραστάσεις (Αιγόκερως)
|
| 942 |
|
|
|2 ddc
|c BK15
|
| 952 |
|
|
|0 0
|1 0
|2 ddc
|4 0
|6 889_280000000000000_ΧΑΛ
|7 0
|9 217819
|a THST
|b THST
|d 2017-12-05
|i 014595
|l 0
|o 889.28 ΧΑΛ
|p 025000199829
|r 2017-12-05 00:00:00
|t 1
|v 2017.00
|w 2017-12-05
|y BK15
|
| 998 |
|
|
|c ΜΑΝΙΑ
|d 2017-12
|
| 999 |
|
|
|c 131989
|d 131989
|